Integración o disolución socio cultural

El documento presenta un análisis de las transformaciones que se operan en la sociedad y El Estado costarricense, como resultado del proceso de ajuste estructural que tiene lugar a partir de 1982, principalmente en las manifestaciones de esas transformaciones en la política social. Trata sobre las e...

Fuld beskrivelse

Guardado en:
Bibliografiske detaljer
Hovedforfatter: Valverde Rojas, José Manuel
Andre forfattere: Trejos París, María Eugenia, Mora S., Minor
Format: Bog
Sprog:Spanish
Udgivet: San José, Costa Rica Porvenir S.A. 1993
Fag:
Tags: Tilføj Tag
Ingen Tags, Vær først til at tagge denne postø!

MARC

LEADER 00000nam a22000007a 4500
003 cru CIDCACS/IIS
005 20230306084658.0
008 230228b1993 cr ||||| |||| 00| 0 spa d
020 |a 9977-944-66-0 
040 |c cru CIDCACS/IIS 
090 |a 02.02.01 V215i 
100 1 |9 8075  |a Valverde Rojas, José Manuel  
245 1 |a Integración o disolución socio cultural  |c José Manuel Valverde R., María Eugenia Trejos P. y Minor Mora S. 
260 |a San José, Costa Rica  |b Porvenir S.A.  |c 1993 
300 |a 270 páginas 
520 3 |a El documento presenta un análisis de las transformaciones que se operan en la sociedad y El Estado costarricense, como resultado del proceso de ajuste estructural que tiene lugar a partir de 1982, principalmente en las manifestaciones de esas transformaciones en la política social. Trata sobre las estrategias de gobernabilidad involucradas en las políticas sociales que los diferentes gobiernos desarrollan en la década de los ochenta, y su contribución en preservar a preservar o incrementar umbrales de integración social de los sectores urbanos más pobres, afectados por la crisis económica y las políticas de ajuste estructural 
650 0 4 |0 TESAUROS  |2 OCDE  |9 4425  |a AJUSTE ESTRUCTURAL 
650 0 4 |9 2655  |a POLITICA ECONOMICA  |0 TESAUROS 
650 0 0 |9 289  |a POLITICA SOCIAL   |0 TESAUROS 
700 1 |9 4427  |a Trejos París, María Eugenia  
700 1 |9 10957  |a Mora S., Minor 
942 |2 z  |c LI  |h 02.02.01 V215ii  |i 23205  |6 020201_V215II_23205 
999 |c 44781  |d 44781